000 00927nab a2200265uu 4500
001 14360
003 HDC
007 cr aa aaaau
008 210214p9999 ||||| |||| 00| 0 eng d
040 _aHDC
100 _aBerry, Joe G.
_eauthor
_914939
245 0 _aLivestock Disease: Cause and Control / by
_cJoe G. Berry
260 _a[no place] :
_b[publisher not identified]
_c[no year]
300 _a1 online resource (2 pages )
336 _atext
_2rdacontent
337 _acomputer
_2rdamedia
338 _aonline resource
_2rdacarrier
650 _aLivestock disease
_914940
650 _aLivestock industry
_99848
710 _aDivision of Agricultural Sciences and Natural Resources
856 _zRequest full-text at [email protected]
942 _2lcc
942 _cAR
942 _kJART 003400
999 _c11676
_d11676